000 00463nam a2200145Ia 4500
008 221007s9999 xx 000 0 und d
041 _aeng
082 _bTRI
100 _aTriveni Deshpande - 2k151072; Dr. Sonali Parchure - Guide & Definedge Solution
_9105143
245 _aTechnical Analysis Of Stocks In Different Sectors Of India Stock Market
260 _c2015
_bSavitribai Phule Pune University
_aPune
300 _a67p
440 _v1
906 _bGeneral
999 _c80043
_d80043